| 000 | 00451nam a22001577a 4500 | ||
|---|---|---|---|
| 003 | OSt | ||
| 005 | 20240419125914.0 | ||
| 008 | 240419b |||||||| |||| 00| 0 eng d | ||
| 040 | _cMRSPTU | ||
| 100 | _aKumar Pashi (कुमार पाशी) | ||
| 245 | _aTumhare Nam Likhata Hun (तुम्हारे नाम लिखता हूं) | ||
| 250 | _a2nd | ||
| 260 |
_aBikaner _bVag Devi Books _c2009 |
||
| 300 | _a144 | ||
| 942 |
_2ddc _cBK _n0 |
||
| 999 |
_c10118 _d10118 |
||